000 00183 a2200097 4500
001 863
100 _aLovell,B
245 _aElectronics
260 _a
_bChapman
_c
090 _c454
_d454
942 _aNUST-CAE
_cM
_c30867
999 _c235936
_d235936